Quizzes
Events
Quiz Creation
Community
Videos
Private Events
Remove Ads
Sign In
Join for FREE
Feedback
Dark Mode
Quiz Categories
Sports
Geography
Music
Movies
Television
Just For Fun
Miscellaneous
History
Literature
Language
Science
Gaming
Entertainment
Religion
Holiday
For Kids
Quiz Lab
Recent
Popular Today
Quiz Kudos Today
Editor Picks
Curator Picks
Quizzes by...
Day
Popularity
Type
Ratings
Length
Year
Community
Subscriptions
Recent Discussions
Orange Saloon
Badges
Playlists
Quests
Create
Leaderboards
Showdown
Live 5
Trivia Bingo
Activity
Puzzle Library
Sporcle Events
Private Events
Virtual Trivia
Globe League
Become a Host
Pub Owners
SporcleCon
Opinionation
Our Games
Videos
Blog
Mobile Apps
Partnerships
Remove Ads and Go Orange
Feedback
Music
Pop Music
The Beatles
Song
Album
Lyrics
Bands
Singers
Artist
Clip
Rock
Rap
Classical
Billboard
Country Music
Kpop
Taylor Swift
Music
Pop Music
The Beatles
Song
Album
Lyrics
Bands
Singers
Artist
Clip
Rock
Rap
Classical
Billboard
Country Music
Kpop
Taylor Swift
Random Quiz
Search Sporcle
×
Quiz Lab
Quiz Lab
Music
Song
Type in answers that appear in a list
Type in answers that appear in a list
Classic
Best Score? Go Orange.
Progressive Rock Songs Stats
Can you name the songs on these classic prog albums?
By
cosflyboy
10m
48 Questions
692 Plays
692 Plays
692 Plays
Comments
Comments
Give Quiz Kudos
Give Quiz Kudos
-
- Ratings
hide this ad
Replay
Link that replays current quiz
Next Quiz
Link to next quiz in quiz playlist
You Got
0%
They Got
Avg Score
50%
Avg Friend Score
Upgrade to see
Score Distribution
Jump to the score distribution portion of the page
Score
0/48
Timer
10:00
0
Plays Today
Artist: Album
Song
% Correct
Pink Floyd: Wish You Were Here
Wish You Were Here
90.9%
King Crimson: In The Court of the Crimson King
In The Court of the Crimson King
87.4%
Rush:2112
2112
86.4%
Pink Floyd: Wish You Were Here
Shine On You Crazy Diamond (parts I-V)
85.5%
Pink Floyd: Wish You Were Here
Shine On You Crazy Diamond (parts VI-IX)
85.5%
King Crimson: In The Court of the Crimson King
21st Century Schizoid Man
84.8%
Pink Floyd: Wish You Were Here
Have A Cigar
81.5%
ELP: Tarkus
Tarkus
81.3%
Pink Floyd: Wish You Were Here
Welcome To The Machine
78.4%
Genesis: Foxtrot
Supper's Ready
77.3%
King Crimson: In The Court of the Crimson King
Epitaph
76.6%
Yes: The Yes Album
Starship Trooper
72.6%
King Crimson: In The Court of the Crimson King
Moonchild
71.9%
King Crimson: In The Court of the Crimson King
I Talk To The Wind
71.8%
Genesis: Foxtrot
Watcher of the Skies
67.6%
Yes: The Yes Album
I've Seen All Good People
66%
Yes: The Yes Album
Clap
61.2%
Yes: The Yes Album
Yours Is No Disgrace
60.2%
Genesis: Foxtrot
Get 'em Out By Friday
59.6%
Rush:2112
A Passage To Bangkok
57.7%
Genesis: Foxtrot
Horizons
54.1%
Genesis: Foxtrot
Time Table
54%
Yes: The Yes Album
Perpetual Change
52.4%
Genesis: Foxtrot
Can-Utility and the Coastliners
49.8%
Artist: Album
Song
% Correct
The Alan Parsons Project: I Robot
I Robot
47.3%
Rush:2112
The Twilight Zone
46.6%
Yes: The Yes Album
A Venture
45.3%
Rush:2112
Tears
45%
Van Der Graaf Generator:Pawn Hearts
A Plague of Lighthouse Keepers
43.4%
Rush:2112
Something For Nothing
43.1%
ELP: Tarkus
Bitches Crystal
42%
Rush:2112
Lessons
40.4%
Van Der Graaf Generator:Pawn Hearts
Lemmings (including Cog)
39.4%
ELP: Tarkus
Are You Ready Eddy?
38.6%
Van Der Graaf Generator:Pawn Hearts
Man Erg
38.5%
ELP: Tarkus
Jeremy Bender
38.1%
ELP: Tarkus
A Time and a Place
24.6%
ELP: Tarkus
The Only Way (hymn)
24.2%
ELP: Tarkus
Infinite Space (conclusion)
23.3%
The Alan Parsons Project: I Robot
I Wouldn't Want To Be Like You
21%
The Alan Parsons Project: I Robot
Genesis Ch.1 V. 32
17.5%
The Alan Parsons Project: I Robot
Breakdown
15.8%
The Alan Parsons Project: I Robot
The Voice
14.3%
The Alan Parsons Project: I Robot
Some Other Time
14%
The Alan Parsons Project: I Robot
Nucleus
12.6%
The Alan Parsons Project: I Robot
Day After Day (The Show Must Go On)
11.7%
The Alan Parsons Project: I Robot
Don't Let It SHow
11.1%
The Alan Parsons Project: I Robot
Total Eclipse
9.6%
Quiz Playlist
Details
Report
Send in Message
Add To Playlist
Classic:
Type in answers that appear in a list
Quiz Source
Last Updated: Feb 16, 2017
Quiz Scoreboard
CHALLENGE
Sign Up to Join the Scoreboard
Show All
Scores
Hide
Comments
May contain spoilers
Recently Published
9x9 Crossword: Cartoon Network
by jackfrog10
Miscellaneous
3m
College Basketball Coaching Resumes
by pancakes188
Sports
9m
Billboard Blitz: Fleetwood Mac
by CooCooCachoo
Music
15s
More to Explore
Quiz From the Vault
Featured Blog Post
Where Did the Easter Bunny Come From?
hide this ad
You Might Also Like...
Tags
Album Quiz
Artist Quiz
Rock Quiz
Song Quiz
classic
prog
Progressive
track
Today's Top Quizzes in Music
Browse Music
hide this ad
Today's Top Quizzes in Song
Browse Song
Top Contributed Quizzes in Music
1
Taylor Swift All Songs (2024)
2
Guess the Artist- 70s Songs
3
7-to-1: Billboard Hot 100 #1 Hits of 2010s
4
Sorting Albums and Songs
5
Taylor Swift Logic Puzzle
6
KPOP LOGIC QUIZ
7
Guess the Taylor Swift song (Mystery Song)
8
One Thing in Common: Music
9
2010s Album by Cover III
10
Guess The Taylor Swift Lyrics Song #1
Explore More
Trending Topics
Anime
Marvel
Harry Potter
NBA
Crossword
Kpop
Disney
Country
Pokémon
Soccer
Puzzle
NFL
WWE
Song
The Office
hide this ad
More By:
cosflyboy
Quiz
Plays
Rating
Category
Featured
Created
US Airports by Code
933
3.80
Geography
Oct 11, 2009
Progressive Rock Songs
692
4.80
Music
Oct 10, 2009
Go to Creator's Profile
Score Distribution
Quiz Creator Spotlight
cosflyboy
Follow
Send a Message
Quizzes Created
-
Created Quiz Play Count
-
More By This Creator
Popular Quizzes Today
1
Find the US States - No Outlines Minefield
2
Find the Countries of Europe - No Outlines Minefield
3
The Countries of the World
4
Find the US States
5
Risky Map Clicking: Biggest States A-Z
6
US States
7
Popular People in 1961
8
Movies - When Are They Set?
More Music Quizzes
'Your Song' Lyrics
Published
Trending Quizzes
Risky Map Clicking: Least Populous States A-Z
1-10 Letter G Words
1-10 Letter F Words
Risky Map Clicking: Next State Alphabetically
Adjectives in 80s TV Shows
Recently Updated
Leaping Animals
pecheneg
Reality TV Shows (A-Z)
bhenderson79
Rickey Henderson's Hall of Fame Teammates
pecheneg
Champions League XIs: Arsenal
pecheneg
Quick Pick: Celebrities in WWE's Hall of Fame
aduchscher
A-Z Keypad Blitz II
pecheneg
Multiple Oscar Actors
pecheneg
Mystery Phrase Blitz: Oscar 'Best Actors'
pecheneg
F. Scott Fitzgerald Novels
LTH
Pick 3 Villains
ddd62291
Trending Topics
Kpop
Disney
Marvel
NBA
Anime
Crossword
Harry Potter
The Office
Song
NFL
Soccer
WWE
Puzzle
Pokémon
Country
Your Account Isn't Verified!
In order to create a playlist on Sporcle, you need to verify the email address you used during registration. Go to your
Sporcle Settings
to finish the process.
Report this User
Report this user for behavior that violates our
Community Guidelines
.
Details:
Send Report
Go to the Sporcle.com Mobile Site →
Comments